Statistics for FIFA FOOTBALL NORTH AMERICA PLAYER BY PICTURE

Click here to take the quiz!

General Stats

  • This quiz has been taken 22 times
  • The average score is 18 of 32

Answer Stats

Answer% Correct
Christian Pulisic
91%
Alphonso Davies
86%
Landon Donovan
86%
Guillermo Ochoa
82%
Sergiño Dest
82%
Giovanni Reyna
77%
Javier Hernández
77%
Tim Howard
77%
Hirving Lozano
68%
Raúl Jiménez
68%
Timothy Weah
68%
Carlos Vela
64%
Edson Álvarez
64%
Jonathan David
59%
Rafael Márquez
59%
Weston McKennie
59%
Clint Dempsey
55%
Luis Hernández
55%
Matt Turner
55%
DeAndre Yedlin
50%
Héctor Herrera
50%
Jesús Corona
50%
Tyler Adams
50%
Yunus Musah
50%
Andrés Guardado
45%
Michael Bradley
36%
Atiba Hutchinson
32%
Jozy Altidore
32%
Alexi Lalas
27%
Tajon Buchanan
23%
Miguel Layún
9%
Héctor Moreno
5%

Score Distribution

Percentile by Number Answered

Percent of People with Each Score

Your Score History

You have not taken this quiz